[Event "17th Bosnjaci Open"]
[Site "Bosnjaci CRO"]
[Date "2012.01.06"]
[Round "6.4"]
[White "Tomic,Bos"]
[Black "Vajic,G"]
[Result "1/2-1/2"]
[WhiteElo "2407"]
[BlackElo "2221"]

1.c4 Nf6 2.g3 g6 3.Bg2 Bg7 4.Nf3 O-O 5.O-O d6 6.Nc3 c6 7.d4 Qc7 8.d5 c5 9.Nd2 e5
10.dxe6 Bxe6 11.Rb1 Nc6 12.b3 Rad8 13.e4 Nb4 14.Bb2 Qc8 15.a3 Nd3 16.Ba1 Bh3
17.Nf3 Ne5 18.Nxe5 dxe5 19.Nd5 Nxd5 20.cxd5 Rd6 21.Rc1 g5 22.f3 Bd7 23.Rf2 b6
24.Bf1 Qb7 25.Bc3 f5 26.b4 fxe4 27.fxe4 Rxf2 28.Kxf2 cxb4 29.Bxb4 Rf6+ 30.Kg1 Bf8
31.Bxf8 Kxf8 32.Qd2 h6 33.Qb4+ Kf7 34.Be2 g4 35.Qc3 b5 36.Qxe5 Qb6+ 37.Kh1 Qe3
38.Rc7 Rf1+ 39.Bxf1 Qf3+  1/2-1/2

[Event "37th Seville Open"]
[Site "Seville ESP"]
[Date "2012.01.08"]
[Round "2"]
[White "Paunovic,D"]
[Black "Gutierrez Valero,M"]
[Result "1/2-1/2"]
[WhiteElo "2520"]
[BlackElo "2074"]

1.c4 Nf6 2.Nf3 g6 3.g3 Bg7 4.Bg2 O-O 5.Nc3 d6 6.O-O e5 7.d3 h6 8.Rb1 a5 9.a3 Re8
10.Nd2 c6 11.Nde4 Nxe4 12.dxe4 Na6 13.Be3 Nc5 14.Qc2 Ne6 15.Na4 Nd4 16.Bxd4 exd4
17.c5 dxc5 18.Nxc5 b6 19.Nd3 c5 20.b4 Be6 21.bxc5 bxc5 22.Qxc5 Bf8 23.Qc1 Rc8
24.Qd2 Rc3 25.a4 Bb3 26.Rfc1 Rxc1+ 27.Rxc1 Bxa4 28.Ra1 Bc6 29.Qxa5 Qxa5 30.Rxa5 Bxe4
31.Bxe4 Rxe4 32.Kf1 Bg7 33.Rd5 Re8 34.Nc5 Re5 35.Rd8+ Kh7 36.Nb3 Rb5 37.Nxd4 Rb1+
38.Kg2 Bxd4 39.Rxd4 h5 40.h4 Kg7 41.Kf3 Rb3+ 42.e3 Rb2 43.e4 Ra2 44.Ke3 Ra3+
45.Kf4 Ra5 46.f3 Ra1 47.Rd7 Ra5 48.Rc7 Rb5 49.e5 Rb4+ 50.Ke3 Rb5 51.f4 Rb3+
52.Kd4 Kf8 53.Rc3 Rb4+ 54.Ke3 Ra4 55.Kf3 Ra1 56.Kg2 Kg7 57.Rf3 Ra2+ 58.Kh3 Ra1
59.Rf2 Rh1+ 60.Kg2 Ra1 61.Rf3 Ra2+ 62.Kf1 Ra5 63.Ke2 Ra2+ 64.Ke3 Ra3+ 65.Ke4 Ra4+
66.Kd5 Ra5+ 67.Kd6 Ra6+ 68.Kc7 Ra5 69.Rc3 Ra4 70.Kd7 Ra7+ 71.Rc7 Ra6 72.Ke8 Ra8+
73.Ke7 Ra6 74.Rd7 Rb6 75.Kd8 Kg8 76.Rd6 Rb3 77.f5 gxf5 78.Rf6 Rxg3 79.Rxf5 Rg6
80.Rxh5 Re6 81.Rf5 Kg7 82.h5 Kg8 83.Kc7 Kg7 84.Kd7 Kg8 85.Rg5+ Kh7 86.Rf5 Kg7
87.Rg5+ Kh7  1/2-1/2

[Event "Andranik Margaryan Memorial 2012"]
[Site "Yerevan ARM"]
[Date "2012.01.13"]
[Round "8"]
[White "Vardanyan,H"]
[Black "Harutjunyan,G"]
[Result "0-1"]
[WhiteElo "1948"]
[BlackElo "2482"]

1.Nf3 Nf6 2.c4 g6 3.g3 Bg7 4.Bg2 O-O 5.O-O d6 6.d4 c6 7.Nc3 Qa5 8.e4 e5 9.h3 exd4
10.Nxd4 Nbd7 11.Be3 Re8 12.Qc2 Ne5 13.b3 a6 14.Rad1 c5 15.Nde2 Qc7 16.f4 Nc6
17.Qd2 Bf8 18.g4 Qa5 19.Bf2 Nd7 20.Bf3 Rb8 21.Kg2 Bg7 22.Rc1 Rd8 23.Rfd1 Nf8
24.Bh4 Re8 25.Nd5 Qxd2 26.Rxd2 f5 27.exf5 gxf5 28.Nc7 Re3 29.Nd5 Re8 30.Nb6 fxg4
31.hxg4 Ng6 32.Nxc8 Rbxc8 33.Rxd6 Rxe2+ 34.Bxe2 Nxf4+ 35.Kf1 Rf8 36.Bf3 Ne5
37.Bd1 Ned3 38.Rc2 Nb4 39.Rcd2 Bc3 40.a3 Bxd2 41.Rxd2 Nbd3 42.Bc2 Nf2 43.Kxf2 Ne6+
44.Kg3 Nd4 45.Be4 Kg7 46.b4 b6 47.bxc5 bxc5 48.Rb2 h6 49.Bd5 Rf1 50.Rb7+ Kg6
51.Ra7 Ne2+ 52.Kg2 Rf6 53.Rc7  0-1

[Event "Andranik Margaryan Memorial 2012"]
[Site "Yerevan ARM"]
[Date "2012.01.15"]
[Round "11"]
[White "Harutjunyan,G"]
[Black "Hayrapetian,O"]
[Result "0-1"]
[WhiteElo "2482"]
[BlackElo "2406"]

1.Nf3 Nf6 2.g3 g6 3.Bg2 Bg7 4.c4 O-O 5.O-O d6 6.d4 Nbd7 7.Nc3 c5 8.e4 cxd4
9.Nxd4 Ne5 10.b3 Bg4 11.f3 Bd7 12.Be3 a6 13.Nd5 b5 14.Rc1 bxc4 15.bxc4 Rc8
16.Qe2 Nxd5 17.cxd5 Qa5 18.Kh1 Qa4 19.Bg1 Nc4 20.f4 Na3 21.Rcd1 Nc2 22.e5 Nxd4
23.Rxd4 Qc2 24.Qxa6 dxe5 25.fxe5 Bxe5 26.Re4 Bd6 27.Qa7 Bh3 28.Qf2 Bxg2+
29.Qxg2 Qxg2+ 30.Kxg2 f5 31.Re6 Rc4 32.Be3 Ra8 33.Rf2 Rca4 34.Bg5 Kf7 35.Ree2 Bc5
36.Be3 Bxe3 37.Rxe3 Rxa2 38.Rfe2 Rxe2+ 39.Rxe2 Rd8 40.Re5 Rd6  0-1

[Event "ch-Paracin 2012"]
[Site "Paracin SRB"]
[Date "2012.01.21"]
[Round "3.3"]
[White "Stefanovic,V"]
[Black "Kojovic,D"]
[Result "0-1"]
[WhiteElo "2187"]
[BlackElo "2387"]

1.c4 Nf6 2.g3 g6 3.Bg2 Bg7 4.Nf3 O-O 5.O-O d5 6.cxd5 Nxd5 7.Nc3 Nc6 8.d3 Nxc3
9.bxc3 Bxc3 10.Rb1 Bg7 11.Qa4 a6 12.Be3 Na7 13.Ng5 h6 14.Bxb7 Bxb7 15.Rxb7 Nb5
16.Ne4 Qc8 17.Nc5 Rd8 18.Qb3 Bd4 19.Bxd4 Nxd4 20.Qb2 Rd5 21.Rb4 Qg4 22.e3 Nf3+
23.Kg2 Qh5 24.Nxa6 Rf5 25.h4 Ne5 26.Nxc7 Qf3+ 27.Kg1 Nxd3 28.Rb8+ Rxb8 29.Qxb8+ Kh7
30.Qa8 Qe2 31.Qg2 Ne1 32.Qh3 Nf3+ 33.Kh1 Nd2 34.Rg1 Rxf2 35.h5 Nf3 36.hxg6+ fxg6  0-1

[Event "Gibraltar Open"]
[Site "Caleta ENG"]
[Date "2012.01.27"]
[Round "4.86"]
[White "Chapman,T"]
[Black "Lochte,S"]
[Result "1-0"]
[WhiteElo "2253"]
[BlackElo "1956"]

1.Nf3 Nf6 2.c4 g6 3.g3 Bg7 4.Bg2 O-O 5.O-O d6 6.d4 Nbd7 7.Nc3 c6 8.e4 e5
9.b3 Qc7 10.h3 b6 11.Be3 a6 12.Rc1 Bb7 13.Qc2 Rfe8 14.d5 c5 15.Nd2 h6 16.Kh2 Qd8
17.Rce1 Nh5 18.a3 Rc8 19.b4 cxb4 20.axb4 a5 21.Qb3 Ba6 22.Bf3 Rb8 23.Ra1 Qc7
24.bxa5 bxa5 25.Nb5 Bxb5 26.cxb5 Nc5 27.Qc4 Rec8 28.Bg4 Rd8 29.Bxh5 gxh5
30.Bxc5 dxc5 31.Rfb1 Bf8 32.Qa4 Ra8 33.Nc4 Rdb8 34.b6 Qd8 35.Qc6 Ra6 36.Qb5 Qf6
37.Kg2 Raa8 38.Rxa5 Rxa5 39.Nxa5 h4 40.b7 hxg3 41.fxg3 Qg5 42.Qe2  1-0

[Event "Basque Teams 2012"]
[Site "Bergara ESP"]
[Date "2012.01.28"]
[Round "3.2"]
[White "Olaizola Ortega,L"]
[Black "Etchegaray,P"]
[Result "0-1"]
[WhiteElo "2215"]
[BlackElo "2405"]

1.Nf3 Nf6 2.c4 g6 3.g3 Bg7 4.Bg2 O-O 5.O-O d6 6.d4 Nbd7 7.Nc3 e5 8.e4 c6
9.Rb1 a5 10.h3 Re8 11.Re1 exd4 12.Nxd4 Nc5 13.b3 Nfd7 14.Be3 Ne5 15.Re2 Qe7
16.Rd2 a4 17.f4 axb3 18.fxe5 bxa2 19.Rxa2 Rxa2 20.Nxa2 dxe5 21.Nb3 Ne6 22.Bb6 Nd4
23.Qd3 Be6 24.Nc5 Bc8 25.Nc3 Qg5 26.Nb3 Qh5 27.Nxd4 exd4 28.Ne2 f5 29.Bxd4 fxe4
30.Bxe4 Rd8 31.Qe3 Bxd4 32.Nxd4 Qc5 33.Rd1 Bxh3 34.Bf3 Qxc4 35.Kh2 Bc8 36.Rd2 Qf7
37.Bd1 Re8 38.Qd3 Qd7 39.Bb3+ Kg7 40.Qc3 Qh3+ 41.Kg1 Re1+ 42.Kf2 Qf1+  0-1

[Event "Gibraltar Open"]
[Site "Caleta ENG"]
[Date "2012.01.28"]
[Round "5.73"]
[White "Adrian,C"]
[Black "Obiamiwe,P"]
[Result "1-0"]
[WhiteElo "2271"]
[BlackElo "1982"]

1.Nf3 Nf6 2.c4 g6 3.g3 Bg7 4.Bg2 O-O 5.d4 d6 6.O-O Nc6 7.Nc3 a6 8.Re1 Rb8
9.Rb1 Na5 10.Qd3 c5 11.dxc5 dxc5 12.Qxd8 Rxd8 13.Bf4 Be6 14.Bxb8 Rxb8 15.b3 b5
16.Ng5 Bf5 17.e4 Bd7 18.e5 Ne8 19.f4 Nc6 20.Nge4 Bf5 21.Nxc5 Bxb1 22.Bxc6 Nd6
23.Nxb1 Rc8 24.exd6 Bd4+ 25.Kg2 Bxc5 26.d7  1-0

[Event "ch-TUR 2012"]
[Site "Kemer TUR"]
[Date "2012.01.29"]
[Round "2"]
[White "Babek,A"]
[Black "Narman,G"]
[Result "0-1"]
[WhiteElo "1829"]
[BlackElo "2076"]

1.Nf3 Nf6 2.c4 g6 3.g3 Bg7 4.Bg2 O-O 5.O-O d5 6.cxd5 Nxd5 7.d4 Nc6 8.Nc3 Nb6
9.d5 Na5 10.e4 Nac4 11.Qe2 e6 12.Rd1 Qe7 13.Bg5 Qb4 14.Rab1 Re8 15.a3 Nxa3
16.bxa3 Qxc3 17.Rd3 Qa5 18.d6 cxd6 19.Bd2 Qa6 20.Bf1 d5 21.exd5 Nxd5 22.Qe4 Qd6
23.Rb5 Qe7 24.Ne5 Qc7 25.f4 Bd7 26.Rb1 Bc6 27.Qe1 Rac8 28.g4 a6 29.Rh3 Qe7
30.Bd3 f5 31.g5 Bxe5 32.fxe5 Qc5+ 33.Kf1 Qd4 34.Qg3 Re7 35.Rh4 f4 36.Qh3 Ne3+
37.Qxe3 Qxe3 38.Bxe3 fxe3 39.Ke2 Rf7 40.Kxe3 Rf3+ 41.Ke2 b5 42.Rc1 Rff8 43.Ke3 Rfd8
44.a4 Be8 45.Rxc8 Rxc8 46.Rd4 Rc5 47.Rd8 Rxe5+ 48.Kf4 Rd5 49.Rxe8+ Kf7 50.Bxb5 axb5
51.Rb8 bxa4 52.Ra8 Rd4+ 53.Ke5 Rd5+ 54.Kf4 Rd2 55.Ra7+ Ke8 56.h3 Rh2 57.Kg3 Ra2
58.Rxh7 a3 59.Ra7 Ra1 60.Kg2 a2 61.h4 e5 62.Ra8+ Kf7 63.Ra7+ Ke6 64.h5 Kf5
65.h6 Rb1 66.h7 Rb8 67.Rxa2 Kxg5 68.Kf3 Kf5 69.Rh2 Rh8 70.Ke3 g5 71.Rf2+ Kg6
72.Ke4 Rxh7 73.Kxe5 Re7+ 74.Kd4 g4 75.Rf8 Kg5 76.Kd3 g3 77.Rg8+ Kf4 78.Rf8+ Kg4
79.Rg8+ Kf3 80.Rf8+ Kg2 81.Rg8 Kf2 82.Rf8+ Kg1 83.Rg8 g2 84.Kd2 Rh7 85.Ke2 Kh1
86.Kf2 Rf7+  0-1

[Event "17th HIT Open A"]
[Site "Nova Gorica SLO"]
[Date "2012.01.29"]
[Round "5"]
[White "Menon,Michele"]
[Black "Drobnic,Milan"]
[Result "1-0"]
[WhiteElo "1786"]
[BlackElo "1679"]

1.Nf3 Nf6 2.g3 g6 3.Bg2 Bg7 4.c4 O-O 5.Nc3 d6 6.O-O e5 7.d3 Be6 8.Ng5 Bc8
9.Rb1 c6 10.b4 Qc7 11.b5 Bd7 12.a4 a6 13.Nge4 Nxe4 14.Nxe4 axb5 15.cxb5 d5
16.Nc5 Qc8 17.Nxd7 Nxd7 18.bxc6 bxc6 19.Bd2 Nc5 20.Rc1 Nxa4 21.Bxd5 Nb2 22.Qb3 Rb8
23.Qa3 Rd8 24.Bxc6 Qe6 25.Bf3 Nxd3 26.exd3 Rb3 27.Qa5 Rbxd3 28.Be3 f5 29.Be2 R3d5
30.Rc5 f4 31.Rxd5 Rxd5 32.Qa8+  1-0

[Event "Gibraltar Open"]
[Site "Caleta ENG"]
[Date "2012.01.30"]
[Round "7.120"]
[White "Zachariassen,J"]
[Black "Jernselius,K"]
[Result "1-0"]
[WhiteElo "1949"]
[BlackElo "1858"]

1.c4 Nf6 2.Nf3 g6 3.g3 Bg7 4.Bg2 O-O 5.O-O c5 6.Nc3 Nc6 7.d3 d6 8.Rb1 Bd7
9.h3 Qc8 10.Kh2 a6 11.a3 Rb8 12.b4 cxb4 13.axb4 b5 14.cxb5 axb5 15.Bd2 h6
16.e3 Qc7 17.Qe2 Qb6 18.Rfc1 Rfc8 19.e4 e5 20.Be3 Nd4 21.Qd2 Kh7 22.Qb2 Nxf3+
23.Bxf3 Qb7 24.Qe2 Be6 25.Qd1 d5 26.Bc5 d4 27.Ne2 Qd7 28.Bg2 Ne8 29.Ra1 Ra8
30.f4 Rxa1 31.Rxa1 f5 32.Ra7 Rc7 33.Ra6 Rc6 34.Rxc6 Qxc6 35.exf5 Bd5 36.fxg6+ Kxg6
37.Qf1 Nd6 38.fxe5 Bxe5 39.Bxd4 Bxg2 40.Qxg2 Qe8 41.Bc5 Nf7 42.Qe4+ Kg7 43.d4 Qd7
44.dxe5 Ng5 45.Qg4 Qd1 46.h4 Qd2 47.hxg5 hxg5 48.e6 Qc2 49.Qxg5+ Kh7 50.Qh5+ Kg7
51.Bd4+ Kf8 52.Qf7+  1-0

[Event "ch-TUR 2012"]
[Site "Kemer TUR"]
[Date "2012.01.30"]
[Round "3"]
[White "Ozveren,A"]
[Black "Ozcoban,Kadir"]
[Result "1-0"]
[WhiteElo "1933"]
[BlackElo "1665"]

1.Nf3 Nf6 2.g3 g6 3.Bg2 Bg7 4.c4 O-O 5.O-O d6 6.d4 Nc6 7.Nc3 Re8 8.d5 Nb8
9.h3 Nbd7 10.Qc2 h6 11.e4 e5 12.Be3 Kh7 13.b4 a5 14.a3 b6 15.Rfc1 Ng8 16.Na4 Ne7
17.c5 f5 18.cxd6 cxd6 19.Nh4 f4 20.Bd2 fxg3 21.fxg3 b5 22.Nb2 Qb6+ 23.Kh2 a4
24.Re1 Ba6 25.Be3 Rac8 26.Qxc8 Rxc8 27.Bxb6 Nxb6 28.Rac1 Nc4 29.Nxc4 bxc4
30.Rc3 Rc7 31.Rec1 Nc8 32.Bf1 Nb6 33.Be2 h5 34.Rf1 Bb5 35.Ng2 Kg8 36.Ne3 Rc8
37.g4 hxg4 38.Bxg4 Rc7 39.Be6+ Kh7 40.Ng4 Nc8 41.Bxc8 Rxc8 42.Rf7 Ba6 43.Ra7 Bb5
44.Rb7 Be8 45.Ne3 Kh8 46.Rxc4 Rxc4 47.Nxc4 Bh6 48.Rb8 Kh7 49.Rxe8 Bf4+ 50.Kg2 g5
51.Re6 Kg7 52.Kf3 Kf7 53.Kg4 Bc1 54.Nxd6+ Kf8 55.Nc4 Kf7 56.Nxe5+ Kf8 57.Nc4 Kf7
58.b5 Bf4 59.b6 Bc1 60.b7 Bf4 61.Ne5+  1-0

[Event "Moscow Open 2012 A"]
[Site "Moscow RUS"]
[Date "2012.02.01"]
[Round "5.48"]
[White "Demidov,M"]
[Black "Dzhangobegov,V"]
[Result "1-0"]
[WhiteElo "2451"]
[BlackElo "2343"]

1.Nf3 Nf6 2.g3 g6 3.Bg2 Bg7 4.c4 O-O 5.Nc3 d5 6.cxd5 Nxd5 7.O-O Nb6 8.d3 Nc6
9.Be3 e5 10.Rc1 Nd4 11.Ne4 Re8 12.Bg5 f6 13.Nxd4 exd4 14.Bd2 c6 15.a4 Nd5
16.a5 f5 17.Nc5 b6 18.Na4 Bb7 19.Re1 Kh8 20.Qb3 Rb8 21.axb6 axb6 22.Bxd5 Qxd5
23.Qxd5 cxd5 24.Bf4 Ra8 25.Nxb6 Ra6 26.Nd7 Ra2 27.Rc2 Ba6 28.Rec1 Bb5 29.Nb6 h6
30.h4 Kh7 31.Nxd5 Ba4 32.Rc7 Re6 33.Nf6+ Rxf6 34.Be5 Kg8 35.Bxf6 Bxf6 36.Ra7 Bd8
37.b3 Bxb3 38.Rxa2 Bxa2 39.Rc8  1-0

[Event "Moscow Open 2012 A"]
[Site "Moscow RUS"]
[Date "2012.02.02"]
[Round "6.19"]
[White "Maletin,P"]
[Black "Kovalev,Vl"]
[Result "1-0"]
[WhiteElo "2575"]
[BlackElo "2453"]

1.c4 Nf6 2.Nf3 g6 3.g3 Bg7 4.Bg2 O-O 5.Nc3 d6 6.d4 Nbd7 7.O-O e5 8.e4 c6
9.h3 Qb6 10.Re1 exd4 11.Nxd4 Ne8 12.Nb3 Nc5 13.Be3 Qb4 14.Nxc5 dxc5 15.Na4 Qxc4
16.Bxc5 b5 17.b3 Qe6 18.Bxf8 Bxf8 19.Nc3 Qe5 20.Rc1 g5 21.Nd5 Bd7 22.Ne3 Nf6
23.Ng4 Bxg4 24.hxg4 Bc5 25.Qf3 Rd8 26.Rxc5  1-0

[Event "TCh-ISR 2011-12"]
[Site "Israel ISR"]
[Date "2012.02.03"]
[Round "7.4"]
[White "Gelman,A"]
[Black "Livshits,G"]
[Result "1/2-1/2"]
[WhiteElo "2413"]
[BlackElo "2458"]

1.Nf3 Nf6 2.c4 g6 3.g3 Bg7 4.Bg2 O-O 5.O-O d6 6.Nc3 e5 7.d4 Nc6 8.b3 Bf5
9.d5 Nd4 10.Ne1 Bd7 11.Bb2 c5 12.dxc6 Bxc6 13.e3 Bxg2 14.Kxg2 Ne6 15.e4 Qd7
16.f3 a6 17.Nc2 b5 18.cxb5 axb5 19.Qd3 Rfc8 20.Rf2 Rab8 21.Rd1 b4 22.Nd5 Nxd5
23.Qxd5 Qa7 24.Ne1 Rb6 25.Rc1 Rxc1 26.Bxc1 Ra6 27.Nc2 Rxa2 28.Be3 Qb8 29.Qc4 h5
30.h4 Bf8 31.Nxb4 Ra3 32.Rb2 Nc7 33.Nd5 Nxd5 34.Qxd5 Qb4 35.Bd2 Qb6 36.Qd3 Ra1
37.Be3 Qb4 38.Bd2 Qa3 39.Qc3 Qa6 40.Qc4 Qa7 41.Bc1 Bh6 42.Bxh6 Qg1+ 43.Kh3 Qh1+
44.Rh2 Qxf3 45.Qe2 Qxb3 46.Rf2 Rh1+ 47.Kg2 Qb1 48.Rf1 Rxf1 49.Qxf1 Qxe4+
50.Kg1 Qd4+  1/2-1/2

[Event "ch-TUR 2012"]
[Site "Kemer TUR"]
[Date "2012.02.03"]
[Round "8"]
[White "Bilgin,M"]
[Black "Sari,S"]
[Result "1-0"]
[WhiteElo "1868"]
[BlackElo "2065"]

1.Nf3 g6 2.c4 Bg7 3.g3 Nf6 4.Bg2 O-O 5.O-O c6 6.Qc2 d5 7.b3 Nbd7 8.Bb2 Re8
9.d4 b5 10.Nbd2 Bb7 11.Rac1 Bh6 12.e3 Rc8 13.Rfd1 e6 14.Bf1 a6 15.Bd3 Qe7
16.c5 Nf8 17.Re1 N6d7 18.e4 Qf6 19.e5 Qe7 20.b4 f6 21.exf6 Qxf6 22.Kg2 Re7
23.Re2 g5 24.g4 Qf4 25.h3 Bg7 26.Nf1 h5 27.Ng3 Rf7 28.Re3 hxg4 29.hxg4 Qxg4
30.Rh1 e5 31.Bf5 Qf4 32.Nxe5 Nxe5 33.dxe5 Re8 34.e6 Rxf5 35.Bxg7 d4 36.Qxf5 dxe3
37.Rh8+ Kxg7 38.Nh5+ Kxh8 39.Nxf4 gxf4 40.Qf6+  1-0

[Event "Moscow Open Women 2012"]
[Site "Moscow RUS"]
[Date "2012.02.03"]
[Round "7.39"]
[White "Bogumil,T"]
[Black "Morozova,Ulia"]
[Result "1-0"]
[WhiteElo "2127"]
[BlackElo "1880"]

1.Nf3 Nf6 2.c4 g6 3.g3 Bg7 4.Bg2 O-O 5.b3 d5 6.Bb2 c5 7.cxd5 Nxd5 8.Bxg7 Kxg7
9.Qc1 Nd7 10.Qb2+ N7f6 11.O-O Kg8 12.d3 b6 13.Nbd2 Bb7 14.Nc4 Nb4 15.Qe5 Rc8
16.Qf4 Qc7 17.Nce5 Nc6 18.Nxc6 Bxc6 19.Qh6 Rfd8 20.Rac1 Ng4 21.Qg5 Nf6 22.Rc4 Rd4  1-0

[Event "11th Aeroflot Open B"]
[Site "Moscow RUS"]
[Date "2012.02.15"]
[Round "9"]
[White "Artemiev,V"]
[Black "Savitskiy,S"]
[Result "1/2-1/2"]
[WhiteElo "2439"]
[BlackElo "2301"]

1.c4 Nf6 2.Nf3 g6 3.g3 Bg7 4.Bg2 O-O 5.O-O d6 6.Nc3 Nc6 7.d3 e5 8.Rb1 a5
9.a3 h6 10.b4 axb4 11.axb4 Be6 12.b5 Ne7 13.Bb2 Nd7 14.Nd2 c6 15.Qc1 f5 16.Ba3 Nf6
17.Ra1 Qd7 18.Bb2 Rfc8 19.Na4 Qd8 20.Qd1 Nd7 21.e3 d5 22.cxd5 cxd5 23.Qb3 Bf7
24.d4 e4 25.Rfc1 b6 26.Ba3 Bf6 27.f4 Nf8 28.Bb4 Ne6 29.Kh1 Kg7 30.Bc3 Ra7
31.Bf1 h5  1/2-1/2

[Event "ch-Central Serbia 2012"]
[Site "Pozarevac SRB"]
[Date "2012.02.17"]
[Round "6.14"]
[White "Pantovic,D"]
[Black "Chelushkina,I"]
[Result "1-0"]
[WhiteElo "2150"]
[BlackElo "2280"]

1.Nf3 Nf6 2.c4 g6 3.g3 Bg7 4.Bg2 O-O 5.O-O d5 6.cxd5 Nxd5 7.d4 c6 8.e4 Nb6
9.h3 Na6 10.Nc3 Be6 11.Bf4 Bc4 12.Re1 Nc7 13.b3 Ba6 14.Rc1 Ne6 15.Be3 Qd6
16.a4 Rad8 17.e5 Qb8 18.Qc2 Na8 19.Rcd1 Nac7 20.Ng5 Nxg5 21.Bxg5 Rfe8 22.Ne4 Ne6
23.Be3 b6 24.Ng5 Nxg5 25.Bxg5 c5 26.Bc6 Rf8 27.Bxe7 cxd4 28.Bxf8 d3 29.Qc3 Bxf8
30.Bb5 Bc8 31.Rxd3 Bxh3 32.Rxd8 Qxd8 33.Bf1 Be6 34.Bc4 Bf5 35.e6 fxe6 36.Bxe6+ Bxe6  1-0

[Event "ch-Central Serbia 2012"]
[Site "Pozarevac SRB"]
[Date "2012.02.19"]
[Round "9.1"]
[White "Stojanovic,Andj"]
[Black "Markovic,Miros1"]
[Result "1/2-1/2"]
[WhiteElo "2297"]
[BlackElo "2460"]

1.Nf3 Nf6 2.c4 g6 3.g3 Bg7 4.Bg2 O-O 5.O-O d6 6.Nc3 Nc6 7.Rb1 a5 8.a3 e5
9.d3 h6 10.b4 axb4 11.axb4 Be6 12.b5 Ne7 13.Nd2 Rb8 14.Qb3 Qd7  1/2-1/2

[Event "TCh-AUT 2 Mitte 2011-12"]
[Site "St. Veit AUT"]
[Date "2012.03.04"]
[Round "9"]
[White "Weiss,C"]
[Black "Ceschia,I"]
[Result "1/2-1/2"]
[WhiteElo "2402"]
[BlackElo "2316"]

1.c4 Nf6 2.Nf3 g6 3.g3 Bg7 4.Bg2 O-O 5.O-O d5 6.cxd5 Nxd5 7.Nc3 Nb6 8.d3 Nc6
9.Be3 Nd4 10.Nxd4 Bxd4 11.Bxd4 Qxd4 12.Qc2 c6 13.e3 Qc5 14.d4 Qh5 15.Ne2 e5
16.dxe5 Qxe5 17.e4 Rd8 18.f4 Qa5 19.Rf2 Be6 20.Qc3 Qxc3 21.Nxc3 Rd4 22.b3 a5
23.Rb1 a4 24.bxa4 Nxa4 25.Nxa4 Raxa4 26.Rxb7 Rd1+ 27.Rf1 Rxf1+ 28.Bxf1 Rxa2
29.Rc7 Rc2 30.Bd3 Rd2  1/2-1/2

[Event "12th Mediterranean Flower WGM"]
[Site "Rijeka CRO"]
[Date "2012.03.05"]
[Round "3"]
[White "Mrakovcic,K"]
[Black "Agrest,I"]
[Result "0-1"]
[WhiteElo "1779"]
[BlackElo "2180"]

1.c4 Nf6 2.Nf3 g6 3.g3 Bg7 4.Bg2 O-O 5.O-O d6 6.Nc3 Nbd7 7.Rb1 a5 8.a3 Nb6
9.d3 a4 10.Be3 Nfd7 11.Qc2 Nf6 12.Qd1 Nfd7 13.Qc2 Nc5 14.Bxc5 dxc5 15.Ne4 Nd7
16.Nc3 Bxc3 17.Qxc3 Re8 18.Rfd1 e5 19.e3 Qe7 20.b3 Nf8 21.b4 cxb4 22.Rxb4 Ra6
23.Nd2 c6 24.c5 f5 25.d4 Ne6 26.Nc4 e4 27.Nb6 Ra7 28.Rxa4 Rxa4 29.Nxa4 Nc7
30.Nb2 Nd5 31.Qc2 h5 32.Nc4 h4 33.Nd6 Rf8 34.Nxc8 Rxc8 35.Qb3 Kg7 36.Rb1 Rc7
37.a4 g5 38.Re1 Nf6 39.Qb2 Kf8 40.Qe2 Qh7 41.f3 hxg3 42.hxg3 Qh6 43.Kf2 exf3
44.Bxf3 Qh2+ 45.Kf1 Qxg3 46.Qf2 Qxf2+ 47.Kxf2 Re7 48.Rh1 Kg7 49.a5 Kg6 50.a6 bxa6
51.Bxc6 Ng4+ 52.Kg2 Nxe3+ 53.Kf2 Ng4+ 54.Kf1 f4 55.d5 Ne3+ 56.Kf2 Ng4+ 57.Kf1 Re5
58.d6 Nf6 59.Rh8 Rxc5 60.Rc8 Rc1+ 61.Kg2 Rd1 62.Rd8 g4 63.d7 Kf7 64.Ba4 Rd4
65.Bc6 Rd2+ 66.Kf1 Rd6 67.Ba4 a5 68.Re8 Nxd7 69.Re4 Kg6 70.Rxf4 Kg5 71.Rf7 Ne5
72.Bc2 Nxf7  0-1

[Event "2nd HD Bank Cup 2012"]
[Site "Ho Chi Minh City VIE"]
[Date "2012.03.06"]
[Round "7.16"]
[White "Hoang Canh Huan"]
[Black "Nguyen Thi Thanh An"]
[Result "1-0"]
[WhiteElo "2396"]
[BlackElo "2292"]

1.Nf3 Nf6 2.g3 g6 3.Bg2 Bg7 4.c4 O-O 5.Nc3 d6 6.d4 Nc6 7.O-O a6 8.b3 Bf5
9.Nh4 Bd7 10.Bb2 Qc8 11.d5 Na7 12.Re1 Bh3 13.Bh1 c5 14.a4 b5 15.axb5 axb5
16.Ra5 bxc4 17.bxc4 Qg4 18.Qa1 Qxc4 19.Rxa7 Rxa7 20.Qxa7 Ng4 21.Qa4 Bd4 22.e3 Nxe3
23.Bg2 Bxg2 24.Nxg2 Qxa4 25.Nxa4 Nxd5 26.Bxd4 cxd4 27.Nf4 Nxf4 28.gxf4 Ra8
29.Nb6 Ra6 30.Nc8 e6 31.Re4 Kf8 32.Rxd4 d5 33.Rb4 Ke8 34.Nb6 Ke7 35.Na4 Kf6
36.Kg2 Kf5 37.Nc3 f6 38.Nd1 e5 39.Ne3+ Ke6 40.fxe5 fxe5 41.Rb5 Rd6 42.Kf3 g5
43.Kg4 h6 44.Kf3 e4+ 45.Ke2 h5 46.Ra5 Rd8 47.Ra6+ Rd6 48.Ra5 Rd8 49.Ra6+ Rd6
50.Ra8 Rb6 51.Re8+ Kd7 52.Re5 d4 53.Rd5+ Rd6 54.Rxg5 dxe3 55.Kxe3 Rd3+ 56.Kxe4 Rh3
57.Rg2 Ke6 58.Rg6+ Kf7 59.Rg2 Ke6 60.f3 Kf7 61.Kf4 Kf6 62.Ke4 Rh4+ 63.f4 Rh3
64.Ra2 Rb3 65.Ra6+ Kf7 66.Ra5 Kg6 67.f5+ Kg5 68.h4+ Kf6 69.Ra6+ Kf7 70.Kf4 Rb4+
71.Kg5 Rg4+ 72.Kxh5 Rg1 73.Kh6 Rg4 74.h5 Rg1 75.Kh7 Rg5 76.Ra7+ Kf6 77.h6 Rh5
78.Kg8 Rg5+ 79.Rg7  1-0

[Event "ch-Moscow S/F 2012"]
[Site "Moscow RUS"]
[Date "2012.03.06"]
[Round "9"]
[White "Kurdakov,Y"]
[Black "Kovalev,Eg"]
[Result "1-0"]
[WhiteElo "2219"]
[BlackElo "1949"]

1.c4 Nf6 2.Nf3 g6 3.g3 Bg7 4.Bg2 O-O 5.O-O d5 6.cxd5 Nxd5 7.Nc3 Nc6 8.a3 a5
9.Rb1 Nb6 10.d3 e5 11.Ne4 h6 12.Nc5 Qe7 13.Qc2 Rb8 14.b4 axb4 15.axb4 Nd4
16.Qd1 Nd5 17.Bd2 b6 18.Nxd4 exd4 19.Bxd5 bxc5 20.bxc5 Rxb1 21.Qxb1 Qxe2
22.Ba5 Bf5 23.Rd1 Qe5 24.Qb7 Qe2 25.Qb3 c6 26.Bxc6 Rc8 27.Bd5 Rxc5 28.Re1 Qxd3
29.Qb8+ Rc8 30.Qb7 Kh7 31.Qxf7 Rf8 32.Qb7 Bh3 33.Bb4 Re8 34.Be4 Qc4 35.Rd1 Rxe4
36.Bf8 Bd7 37.Bxg7 Kxg7 38.Qxe4 Kh7 39.Qb7 Qc6  1-0

[Event "Zagreb Open A"]
[Site "Zagreb CRO"]
[Date "2012.03.06"]
[Round "2.5"]
[White "Valsecchi,A"]
[Black "Dvirnyy,D"]
[Result "1-0"]
[WhiteElo "2429"]
[BlackElo "2507"]

1.Nf3 Nf6 2.c4 g6 3.g3 Bg7 4.Bg2 O-O 5.O-O d6 6.d4 Nc6 7.Nc3 a6 8.h3 Rb8
9.e4 Nd7 10.Be3 b5 11.cxb5 axb5 12.Rc1 Na5 13.b3 b4 14.Na4 Ba6 15.Re1 Bb5
16.Nb2 c5 17.Nd3 Nb7 18.e5 Bxd3 19.Qxd3 cxd4 20.Qxd4 Na5 21.Qa7 Rb7 22.Qa6 Nb8
23.Qa8  1-0

[Event "Reykjavik Open"]
[Site "Reykjavik ISL"]
[Date "2012.03.08"]
[Round "3.74"]
[White "Sigurdsson,Birkir Karl"]
[Black "Bjornsson,E"]
[Result "1/2-1/2"]
[WhiteElo "1716"]
[BlackElo "2000"]

1.c4 Nf6 2.g3 g6 3.Bg2 Bg7 4.Nf3 O-O 5.d4 d6 6.Nc3 Nbd7 7.O-O e5 8.e3 Re8
9.b3 c6 10.d5 cxd5 11.cxd5 a5 12.e4 b5 13.Nxb5 Nxe4 14.Qc2 Nec5 15.Na3 Nf6
16.Nh4 e4 17.Nc4 Nxd5 18.Bb2 Nb4 19.Qd2 Bxb2 20.Qxb2 d5 21.Ne3 Ba6 22.Rfd1 Ncd3
23.Qd4 Bb7 24.Ng4 Nc6 25.Nh6+ Kf8 26.Qh8+  1/2-1/2

[Event "TCh-SVK Extraliga 2011-12"]
[Site "Slovakia SVK"]
[Date "2012.03.09"]
[Round "9.7"]
[White "Jelen,P1"]
[Black "Hanko,P"]
[Result "1/2-1/2"]
[WhiteElo "2193"]
[BlackElo "2138"]

1.c4 Nf6 2.Nf3 g6 3.g3 Bg7 4.Bg2 O-O 5.O-O d6 6.Nc3 Nc6 7.d3 e5 8.h3 h6 9.e4 Be6
10.Be3 Ne8 11.Qd2 Kh7 12.Nd5 Nd4 13.Bxd4 exd4 14.Nf4 Bd7 15.Rae1 Be5 16.Ne2 c5
17.Nh2 Ng7 18.f4 Bf6 19.Ng4 Be7 20.Kh2 h5 21.Nf2 Rb8 22.Ng1 b5 23.b3 a5 24.g4 a4
25.Nf3 bxc4 26.bxc4 Bh4 27.e5 hxg4 28.hxg4 Bxf2 29.Qxf2 Bxg4 30.Ng5+ Kg8
31.Ne4 dxe5 32.fxe5 Nh5 33.Nxc5 Qb6 34.Qxd4 Bf5 35.Bd5 Rfc8 36.Rxf5 gxf5
37.Bxf7+ Kh7 38.Qf2 Qh6 39.Qxf5+ Kh8 40.Bxh5 Rxc5 41.Re2 Rf8 42.Qh3 Qf4+
43.Qg3 Qh6 44.Kg1 Rc7 45.Bg6 Kg8 46.Qe3 Rf4 47.Be4 Rg7+ 48.Bg2 Qh4 49.e6 Rg3
50.Qd2 Qf6 51.Qe1 Qd4+ 52.Rf2 Re3 53.Qf1 Re5 54.Be4 Kf8 55.Qe2 Rxe6 56.Kg2 Rxf2+
57.Qxf2+ Qxf2+ 58.Kxf2 Rb6 59.c5 Rb2+ 60.Ke3 Rxa2 61.c6 Ke7 62.Kd4 Kd6 63.Kc3 Ra3+
64.Kb2 Rb3+ 65.Ka2 Rb6 66.Ka3 Ra6 67.Bf3 Ra7 68.d4 Rf7 69.Bd1 Rf4 70.Bxa4 Rxd4
71.Bb5 Kc7 72.Kb3 Kb6 73.Kc3 Rh4 74.Be2 Kxc6 75.Bf1 Kc5 76.Ba6 Rh3+ 77.Bd3 Rg3
78.Kc2 Kd4 79.Bb5 Rc3+ 80.Kb2 Rc5 81.Bf1 Rf5 82.Ba6 Rf6 83.Bc8 Rb6+ 84.Ka1 Kc3
85.Bf5 Kb3 86.Be4 Ka3 87.Bf5 Rb2 88.Bg6 Ra2+ 89.Kb1 Rg2 90.Bf7 Rf2 91.Be6 Rb2+
92.Kc1 Rb6 93.Bf7 Rf6  1/2-1/2

[Event "ch-CZE U20 2012"]
[Site "Kouty nad Desnou CZE"]
[Date "2012.03.10"]
[Round "2"]
[White "Plat,V"]
[Black "Rabatin,J"]
[Result "1-0"]
[WhiteElo "2436"]
[BlackElo "2159"]

1.Nf3 Nf6 2.c4 g6 3.g3 Bg7 4.Bg2 O-O 5.O-O d6 6.Nc3 a6 7.d4 Nc6 8.d5 Na5
9.Qd3 c5 10.dxc6 Nxc6 11.e4 Bg4 12.Bf4 Rc8 13.Rac1 Nh5 14.b3 Nxf4 15.gxf4 Qa5
16.a4 Qh5 17.Ne2 Bxf3 18.Bxf3 Qh3 19.Rfd1 Rfd8 20.Qe3 e5 21.Bg2 Qh6 22.f5 Qxe3
23.fxe3 Bh6 24.Kf2 Nb4 25.Rd2 Kf8 26.Rcd1 Ke7 27.Bh3 Rc7 28.Nc3 Rc6 29.a5 f6
30.Ra1 Rc5 31.Bf1 Rcc8 32.Ra4 Nc6 33.Nd5+ Kf7 34.Bh3 Rb8 35.b4 Ne7 36.Nb6 gxf5
37.Bxf5 Nxf5 38.exf5 Ke7 39.Ra1 Rg8 40.Rad1 Rbd8 41.c5 dxc5 42.Rd7+ Rxd7
43.Rxd7+ Ke8 44.bxc5 Rg7 45.Rd6 Rc7 46.Nd5 Rxc5 47.Nxf6+ Kf7 48.Nxh7 Rc2+
49.Kf3 Rxh2 50.Rd7+ Ke8 51.Nf6+ Kf8 52.Ng4 Rh4 53.Rxb7 Bg5 54.Nxe5 Ra4 55.f6 Bxf6
56.Nd7+  1-0